Sports Quiz

Random Sports or Soccer Quiz
Score 0/24 Timer 07:00
1 Play Today
Position Player % Correct
GoalkeeperTim Howard
94.5%
ForwardClint Dempsey
87.2%
ForwardJozy Altidore
81.7%
MidfielderMichael Bradley
76.7%
Head CoachJurgen Klinsmann
73.6%
MidfielderJermaine Jones
67.1%
GoalkeeperBrad Guzan
64.5%
MidfielderJulian Green
57.7%
DefenderDaMarcus Beasley
57.4%
DefenderFabian Johnson
57.3%
DefenderJohn Brooks
56%
MidfielderKyle Beckerman
54.1%
Position Player % Correct
DefenderGeoff Cameron
50.9%
MidfielderGraham Zusi
50.7%
ForwardChris Wondolowski
50%
DefenderMatt Besler
46.8%
DefenderOmar Gonzalez
46.1%
DefenderDeAndre Yedlin
44.5%
MidfielderAlejandro Bedoya
41.1%
GoalkeeperNick Rimando
38.6%
ForwardAron Johannsson
37.7%
MidfielderMix Diskerud
32.7%
MidfielderBrad Davis
31.8%
DefenderTimmy Chandler
31.5%
Remove Ads.
Support Sporcle.
Get the best of Sporcle when you Go Orange. This ad-free experience offers more features, more stats, and more fun while also helping to support Sporcle. Thank you for becoming a member.

You're not logged in!

Compare scores with friends on all Sporcle quizzes.
OR
Log In

Show Comments

Extras

Top Quizzes Today


Score Distribution

Your Account Isn't Verified!

In order to create a playlist on Sporcle, you need to verify the email address you used during registration. Go to your Sporcle Settings to finish the process.

Report this User

Report this user for behavior that violates our Community Guidelines.

Details: